000 01732nam a2200373 i 4500
003 EG-GICUC
005 20260121101718.0
008 260112s1936 ua ||||f |||| 00| 0 ara d
040 _a EG-GICUC
_bara
_c EG-GICUC
_d EG-GICUC
_erda
041 _aara
082 0 4 _221
_a345.4
_bإ س . ض
092 0 4 _221
099 _aLaw1 07 345.4 إ س . ض 1936
100 0 _aإسماعيل زكي
_eمؤلف.
245 1 0 _aضمانات الموظفين في التعيين . الترقية . التأديب /
_cإسماعيل زكي .
264 1 _a[مكان النشر غير محدد] :
_b[الناشر غير محدد] ،
_c1936 .
300 _a235 ؛ صفحة
_c24 سم
_bإيضاحيات، صور، مثيليات ؛
336 _2rda content
_atext
337 _2rda media
_aComputer
338 _2rda carrier
_aOnline Resource
500 _aرسالة للدكتوراه مقدمة إلى كلية الحقوق بالجامعة المصرية لمناقشتها في الساعة الخامسة بعد ظهر يوم 12 مايو 1936
504 _a يشتمل على ببليوجرافيا
504 _aيشتمل علي ارجاعات ببليوجرافية
546 _aالنص أغلبه باللغة العربية بعض النصوص الإنجليزية والفرنسية
650 1 4 _aالوظائف العامة
_2qrmak
650 1 4 _aالقانون الإداري
_2qrmak
651 1 _2qrmak
700 _aمحمد عبد الله العربي
_eمشرف أطروحة.
700 _aديبوا ريشار
_eمشرف أطروحة.
700 _aوحيد فكري رأفت
_eمشرف أطروحة.
856 4 0 _uhttps://fll.law.cu.edu.eg/fulltext/bks/B07-01205.pdf
905 _a61
942 _2ddc
_n0
_cBK
_e21
999 _c56473
_d56473